LEADER 00837nam a2200205 u 4500 001 000000106060 003 CaOOAMICUS 005 20070705125006.0 008 070705s1948 fr u000 u fre r 040 $aPUL$bita$dGP 100 1 $aMesnard, Pierre,$d1900-1969.$0(OLS)http://pul/name/17696 245 13$aLe vrai visage de Kierkegaard /$cPierre Mesnard. 260 $aParis :$bBeauchesne et ses fils,$c1948. 300 $a494 p. ;$c22 cm. 600 14$aKierkegaard, Søren,$d1813-1855.$0(OLS)http://pul/subject/4836 850 $aPUL 852 $aPUL$W1$xDP2 Filosofia 1$y62$m86 F 50$j119092$qStampati$B118981$CPULBib$Z2$F118981 $H35995 $81 941 1 $a8 996 $6245$aLe vrai visage de Kierkegaard$9(OLS)http://pul/title/133578 996 $6260$aParis :$bBeauchesne et ses fils$9(OLS)http://pul/publisher/49348 LEADER 01403nam a2200289 a 4500 001 000000173031 003 CaOOAMICUS 005 20200121125208.0 008 200120s2019 it frm z000 u ita r 032 $aLibriCat 040 $aPUL$bita 100 1 $aFranchi, Federico.$0(OLS)http://pul/name/111141 245 13$aLe processione divine secondo S.Bulgakov, W. Pannenberg, G. Greshake :$bmonarchia, causalità, reciprocità /$cFederico Franchi. 260 $aRoma :$b[s.n.],$c2019. 300 $a104 p. ;$c24 cm 502 $aEstratto da Tesi -- Pontificia Università Gregoriana -- Facoltà di Teologia, 2019. 504 $aBibliografia: p. [77]-100. 600 14$aGreshake, Gisbert.$0(OLS)http://pul/subject/41846 600 14$aPannenberg, Wolfhart,$d1928-2014$xTeologia.$0(OLS)http://pul/subject/26092 600 14$aBulgakov, Serge? Nikolaevic,$d1871-1944.$0(OLS)http://pul/subject/15827 710 2 $aPontificia Università Gregoriana.$bFacoltà di teologia.$kTesi.$0(OLS)http://pul/name/81592 850 $aPUL 852 $aPUL$W1$xDP1 Tesi Pon. Univ. Gregoriana$y40$m2019 B 10$j196237$qTesi$B201791$CPULBib$Z2$F201791 $82 941 1 $a16 996 $6245$aLe processione divine secondo S.Bulgakov, W. Pannenberg, G. Greshake :$bmonarchia, causalità, reciprocità$9(OLS)http://pul/title/214074 996 $6260$aRoma :$b[s.n.]$9(OLS)http://pul/publisher/47958